• 首页
  • 本馆介绍
  • 公告通知
  • 最新文献
  • 馆藏检索
  • 电子资源
  • 读者导购
  • 参考咨询
  • 我的图书馆
  • 登录
  • 详细信息显示
  • 放入我的书架
  • 预约/预借图书
  • 作者相关作品
  • 分类相关作品
  • 丛书相关作品
  • 出版社相关作品

书目信息

  • 表格格式
  • 工作单格式
  • 卡片格式
题名:
省际结合部
    
 
作者: 徐光有, 著
分册:  
出版信息: 长春   吉林大学出版社  2018
页数: 183页
开本: 24cm
丛书名:
单 册:
中图分类: D691.21
科图分类:
主题词: 政治制度--zheng zhi zhi du--研究--中国--清后期
电子资源:
ISBN: 978-7-5692-1935-7
000 01283nam0 2200289 450
001 012001008275
005 20131022134520.0
010    @a978-7-5692-1935-7@dCNY42.00
099    @aCAL 012018074459
100    @a20180620d2018 em y0chiy50 ea
101 0  @achi@deng
102    @aCN@b220000
105    @aa a 000yy
106    @ar
200 1  @a省际结合部@Asheng ji jie he bu@e清末捻变再研究@f徐光有著
210    @a长春@c吉林大学出版社@d2018
215    @a183页@c图@d24cm
300    @a本书系湖北省教育厅人文社科青年项目、城镇游民青少年群体研究 (14Q091) 成果之一。本书由湖北文理学院省级重点学科“政治学”专项资金资助
314    @a徐光有, 1976年生, 湖北蕲春人。现为湖北文理学院社会学系教师。
320    @a有书目 (第179-183页)
330    @a自秦实行郡县制以来, 省际结合部的社会治理是一个困扰中国社会两千多年的难题。省际结合部远离行政中心, 社会控制难度大, 悬于社会秩序体系的边缘。淮北地处豫、鲁、苏、皖四省结合部, 在淮北独特的自然地理环境的基础上产生了大量的游民, 并形成了游民传统和游民文化, 游民聚集成党。
517 1  @a清末捻变再研究@Aqing mo nian bian zai yan jiu
606 0  @a政治制度@Azheng zhi zhi du@x研究@y中国@z清后期
690    @aD691.21@v5
701  0 @a徐光有,@AXu Guang You@f1976-@4著
801  2 @aCN@b上海新华@c20191020
905    @b1178215-8@dD691.21@e280@f4
    
    省际结合部:清末捻变再研究/徐光有著.-长春:吉林大学出版社,2018
    183页:图;24cm
    本书系湖北省教育厅人文社科青年项目、城镇游民青少年群体研究 (14Q091) 成果之一。本书由湖北文理学院省级重点学科“政治学”专项资金资助
    
    ISBN 978-7-5692-1935-7:CNY42.00
    自秦实行郡县制以来, 省际结合部的社会治理是一个困扰中国社会两千多年的难题。省际结合部远离行政中心, 社会控制难度大, 悬于社会秩序体系的边缘。淮北地处豫、鲁、苏、皖四省结合部, 在淮北独特的自然地理环境的基础上产生了大量的游民, 并形成了游民传统和游民文化, 游民聚集成党。
●
相关链接 在E读中查询图书 在五车中查询图书 在当当中查询图书 在豆瓣中查询图书


正题名:省际结合部     索取号:D691.21/280         预约/预借

序号 登录号 条形码 馆藏地/架位号 状态 备注
1 1178215   211782150   第一样本阅览室/ [索取号:D691.21/280] 在馆    
2 1178216   211782169   第一借阅区/ [索取号:D691.21/280] 在馆    
3 1178217   211782178   第一借阅区/ [索取号:D691.21/280] 在馆    
4 1178218   211782187   第一借阅区/ [索取号:D691.21/280] 在馆    
唐山师范学院图书馆 欢迎您!
大连网信软件有限公司© 版权所有